000 00520nam a2200145Ia 4500
008 151213s9999 xx 000 0 und d
100 _aসেমাখলেছা খাতুন।
245 _aহৃৎপিন্ডে গোলাপ।
_cসেমাখলেছা খাতুন।
260 _aঢাকা
_bকাশবন প্রকাশন।
_c2000
300 _a8803 p.
650 _aBangla
650 _aকবিতা
700 _aসেমাখলেছা খাতুন।
999 _c4588
_d4588